Datum a čas kvízu
26.5
Celkem bodů
Celkový počet nahraných bodů na tomto kvízu bez doplňovacích otázek.
10.
Pořadí na kvízu
Konečné umístění týmu na tomto kvízu.
Zaznamenané odpovědi
# | Otázka | Odpověď | Body | Výsledky |
---|---|---|---|---|
1. | Tzv. Turistická sjezdovka na K... | splašky | 1 | |
2. | V pondělí jsme se dozvěděli o... | Starbucks | 1 | |
3. | Minulý týden byl představen tr... | Jiří Mádl; Tomáš Vorel (ml.) | 1 | |
4. | Americká společnost Alphabet,... | Wiz | 0 | |
5. | Jak se jmenuje vítěz ankety Fo... | Tomáš Souček; West Ham (United) | 1 | |
6. | Podíváme se na temné stránky d... | A) Diviš Bořek z Miletínka | 0 | |
7. | Doba pobělohorská znamenala zá... | Obnovené zřízení zemské | 0 | |
8. | První světová válka znamenala... | Zborov | 1 | |
9. | V období tzv. Protektorátu se... | František Fajtl | 1 | |
10. | Seřaďte tyto komunistické prez... | 1B 2A 3C 4D | 0 |